00339 a2200145 450000100060000002000180000608200160002410000170004024500410005725000070009826000250010530000150013050000240014550500240016983062 a9788131718875 a629.831 DOR aRichard Dorf aModern control system 11/edhEnglish a11 aIndiabPearsonc2011 axxv 1020P. aCAE Reference Books aCAE Reference Books